Slabosti mocných mužov Direktívny a vecný štýl riadenia nie je vždy najvhodnejší

Charakteristika rôznych štýlov riadenia a typov manažérov. Príklady manažérov úspešných švajčiarskych firiem. Vlastnosti manažérov. Vplývanie vedenia a vlastností manažérov na obrat firmy i na zamestnancov podniku.

Na minha lista:
Detalhes bibliográficos
Autor principal: Raos, B.
Formato: Capítulo de Livro
Idioma:eslovaco
Assuntos:
Tags: Adicionar Tag
Sem tags, seja o primeiro a adicionar uma tag!

MARC

LEADER 00000naa a2200000 4500
001 r017236
005 20221213100600.1
041 0 |a slo 
044 |a SK 
245 1 0 |a Slabosti mocných mužov  |b Direktívny a vecný štýl riadenia nie je vždy najvhodnejší  |c B. Raos 
520 |a Charakteristika rôznych štýlov riadenia a typov manažérov. Príklady manažérov úspešných švajčiarskych firiem. Vlastnosti manažérov. Vplývanie vedenia a vlastností manažérov na obrat firmy i na zamestnancov podniku. 
610 2 0 |a manažéri 
610 2 0 |a osobnosť 
610 2 0 |a riadenie vrcholové 
610 2 0 |a pracovníci riadiaci 
610 2 0 |a Švajčiarsko 
610 2 0 |a typológia pracovníkov 
100 1 |a Raos, B.